| 000 | 01341nam a2200421 i 4500 | ||
|---|---|---|---|
| 001 | 27835 | ||
| 003 | KOSZ 005 | ||
| 005 | 20220824101118.0 | ||
| 008 | 020718s1977 pl a f |001 0 pol | ||
| 015 | _aUWD 1978/65 | ||
| 035 | _a991018770439705066 | ||
| 035 | _a(PL-WaBN)b15088236-48omnis_nlop | ||
| 035 | _ab15088236 | ||
| 035 | _a(OCoLC)749195016 | ||
| 035 | _a(PL)b0000001508823 | ||
| 035 | _a(EXLNZ-48OMNIS_NETWORK)9910186156005606 | ||
| 040 |
_aWA N _cWA N _dKOSZ 005/EG |
||
| 046 | _k1964 | ||
| 080 | _a556.3 | ||
| 100 | 1 |
_aPazdro, Zdzisław _d(1903-1987) _eAutor |
|
| 245 | 1 | 0 |
_aHydrogeologia ogólna / _cZdzisław Pazdro. |
| 250 | _aWyd. 2. | ||
| 260 |
_aWarszawa : _bWydawnictwa Geologiczne, _c1977. |
||
| 300 |
_a506 s. : _bil., mapy, tab., wykr. ; _c25 cm. |
||
| 336 |
_aTekst _btxt _2rdacontent |
||
| 337 |
_aBez urządzenia pośredniczącego _bn _2rdamedia |
||
| 338 |
_aWolumin _bnc _2rdacarrier |
||
| 380 | _aKsiążki | ||
| 388 | _a1901-2000 | ||
| 388 | _a1945-1989 | ||
| 504 | _aBibliogr. - Indeks. | ||
| 650 | 7 |
_aHydrogeologia _2DBN |
|
| 658 | _aGeografia i nauki o Ziemi | ||
| 710 | 2 |
_aWydawnictwa Geologiczne _4pbl |
|
| 856 |
_uhttp://koha.tu.koszalin.pl/cgi-bin/koha/opac-detail.pl?biblionumber=27835 _yKatalog online BPK |
||
| 942 |
_2UKD _cKS |
||
| 999 |
_c27835 _d27835 |
||